| 000 | 00988cab a2200361 4500 | ||
|---|---|---|---|
| 001 | ABS48804 | ||
| 008 | 090401t1993 xxu||||| |||| 00| 0 eng d | ||
| 035 | _a(Sirsi) u68593 | ||
| 041 | _aeng | ||
| 245 | _aFocus: M3: London to Winchester | ||
| 260 | _c1993 | ||
| 350 | _a0 | ||
| 490 |
_aEstates Gazette _v(9322) 5 June 1993, 55-83(19) |
||
| 650 | _aALDERSHOT | ||
| 650 | _aALTON | ||
| 650 | _aANDOVER | ||
| 650 | _aBASINGSTOKE | ||
| 650 | _aBLACKWATER VALLEY | ||
| 650 | _aCAMBERLEY | ||
| 650 | _aFARNBOROUGH | ||
| 650 | _aFLEET | ||
| 650 | _aFRIMLEY | ||
| 650 | _aHAMPSHIRE | ||
| 650 | _aINDUSTRIAL MARKET | ||
| 650 | _aM3 CORRIDOR | ||
| 650 | _aPROPERTY-COMMERCIAL PROPERTY-OFFICE PROPERTY-OFFICE PROPERTY MARKET | ||
| 650 | _aPROPERTY-COMMERCIAL PROPERTY-RETAIL PROPERTY-RETAIL PROPERTY MARKET | ||
| 650 | _aSUNBURY | ||
| 650 | _aWINCHESTER | ||
| 690 | _aPROPERTY-COMMERCIAL PROPERTY-COMMERCIAL PROPERTY MARKET | ||
| 942 | _n0 | ||
| 948 | _c04/03/1997 | ||
| 999 |
_c43036 _d43036 |
||